00533nam a22001697a 450000500170000001000130001702000260003003500130005603700200006908200080008910000180009724500960011526000390021127000350025030000290028550000490031420180912155923.0 aB-705490 a9789350293430c799.00 aB-705490 bPANSY BOOKS(RP) a954 aShourie, Arun aWorshipping false Gods :cby Arun ShouriebAmbedkar, and the facts which have been erased / aUttar PradeshbHarperCollunsc2012 aA-75, sector 57bNoidae201301 axii, 664p.c23 cm. (pbk) aBibliographical reference and includes index